000 00691nam a22002417a 4500
003 UA-OsUOA
001 76650
007 ta
008 20110715b un ||||| |||| 00| 0 ukr d
100 _aГурнак В.
700 _aАнанченко О.
700 _aГурнак М.
090 _a330(477)
_bГ95
942 _cSA
040 _aUA-OsUOA
_bukr
_cUA-OsUOA
_dUA-OsUOA
245 _aРеалізація комплексної програми утвердження України як транзитної держави
300 _aС.26-37
955 _a0
041 _aukr
080 _a330(477)
773 0 _w76649
650 7 _a330 Економіка взагалі
_2UDC
999 _c362952
_d362952